| 000 | 00420nam a22001577a 4500 | ||
|---|---|---|---|
| 999 |
_c2940 _d2940 |
||
| 005 | 20181019152035.0 | ||
| 008 | 181019b ||||| |||| 00| 0 eng d | ||
| 040 | _cDLC | ||
| 082 |
_a231.3 _bC692S |
||
| 100 | _aColeman, Robert E. | ||
| 245 |
_aThe Spirit and The Word _cRobert E.Coleman |
||
| 260 |
_aPennsylvania _bChristian Outreach _c1969 |
||
| 300 | _a64p,; | ||
| 650 |
_aHoly Spirit _xBible Lesson |
||
| 942 |
_2ddc _cBK |
||